000 00453nam a2200181Ia 4500
008 240925s9999 xx 000 0 und d
020 _a013863408x
082 _a624.171 CHA
100 _aChajes, Alexander
245 0 _aStructural Analysis
250 _aNA
260 _aLondon:
_bPrentice, Hall
_c,1983.
300 _aix,546p.
_bNA
_fOriginal
500 _aIncludes Index
600 _aElectronic Engineering
650 _aTechnology
942 _cBK
999 _c3768
_d3768